<?xml version="1.0" encoding="UTF-8"?>
<record
    xmlns:xsi="http://www.w3.org/2001/XMLSchema-instance"
    xsi:schemaLocation="http://www.loc.gov/MARC21/slim http://www.loc.gov/standards/marcxml/schema/MARC21slim.xsd"
    xmlns="http://www.loc.gov/MARC21/slim">

  <leader>00596cam a22001931  4500</leader>
  <controlfield tag="001">ne 68003389 </controlfield>
  <controlfield tag="003">DLC</controlfield>
  <controlfield tag="005">20260227111846.0</controlfield>
  <controlfield tag="008">791003s1965    ir ach        000 0 perr </controlfield>
  <datafield tag="010" ind1=" " ind2=" ">
    <subfield code="a">ne 68003389 </subfield>
  </datafield>
  <datafield tag="035" ind1=" " ind2=" ">
    <subfield code="a">(OCoLC)5463309</subfield>
  </datafield>
  <datafield tag="040" ind1=" " ind2=" ">
    <subfield code="a">DLC</subfield>
    <subfield code="c">WaU</subfield>
    <subfield code="d">DLC</subfield>
  </datafield>
  <datafield tag="042" ind1=" " ind2=" ">
    <subfield code="a">premarc</subfield>
  </datafield>
  <datafield tag="050" ind1="0" ind2="0">
    <subfield code="a">AC127</subfield>
    <subfield code="b">.N3</subfield>
  </datafield>
  <datafield tag="100" ind1="1" ind2=" ">
    <subfield code="a">Nakhjav&#x101;n&#x12B;, &#x1E24;usayn.</subfield>
  </datafield>
  <datafield tag="245" ind1="1" ind2="0">
    <subfield code="a">Chihil maq&#x101;lah,</subfield>
    <subfield code="c">ta'l&#x12B;f-i &#x1E24;usayn Nakhjav&#x101;n&#x12B; ; bi-kushish-i Y&#x16B;suf Khadim H&#x101;shimi Nasab.</subfield>
  </datafield>
  <datafield tag="260" ind1=" " ind2=" ">
    <subfield code="a">Tabr&#x12B;z,</subfield>
    <subfield code="b">Ch&#x101;pkhanah-i Kh&#x16B;rish&#x12B;d,</subfield>
    <subfield code="c">1343 [1965]</subfield>
  </datafield>
  <datafield tag="300" ind1=" " ind2=" ">
    <subfield code="a">7, 363 p.</subfield>
    <subfield code="b">illus., facsims., ports.</subfield>
    <subfield code="c">25 cm.</subfield>
  </datafield>
  <datafield tag="999" ind1=" " ind2=" ">
    <subfield code="c">50764</subfield>
    <subfield code="d">50764</subfield>
  </datafield>
</record>
